Southville International School and Colleges
Your cart is empty.
  • Cart
  • Lists
    Public lists Eva Luna New books Lux_list list_1
    Your lists Log in to create your own lists
  • Log in to your account
  • Your cookies
  • Search history
Southville International School and Colleges
  • Advanced search
  • Recent comments
  • Most popular
  • Libraries

Log in to your account

Log in with GOOGLE


If you do not have an external account, but do have a local account, you can still log in:

  1. Home
  2. MARC view: Superhero madness :
Normal view MARC view ISBD view

Superhero madness : (Record no. 21846)

[ view plain ]
MARC details
000 -LEADER
fixed length control field 00640nam a2200205 a 4500
005 - DATE AND TIME OF LATEST TRANSACTION
control field 20140310183342.0
008 - FIXED-LENGTH DATA ELEMENTS--GENERAL INFORMATION
fixed length control field 070115s19uu xx 00 eng d
020 ## - INTERNATIONAL STANDARD BOOK NUMBER
International Standard Book Number 1581805594
050 ## - LIBRARY OF CONGRESS CALL NUMBER
Classification number NC 1764
Item number .Ok38 2005
100 ## - MAIN ENTRY--PERSONAL NAME
Personal name Okum, David
245 ## - TITLE STATEMENT
Title Superhero madness :
Remainder of title over 45 basic lessons for drawing cool heroes and vile villains.
260 ## - PUBLICATION, DISTRIBUTION, ETC. (IMPRINT)
Place of publication, distribution, etc Cincinnati, Ohio :
Name of publisher, distributor, etc Impact Books,
Date of publication, distribution, etc 2005.
300 ## - PHYSICAL DESCRIPTION
Extent 127 p. :
Other physical details ill. ;
Dimensions 28 cm.
521 ## - TARGET AUDIENCE NOTE
Target audience note
650 ## - SUBJECT ADDED ENTRY--TOPICAL TERM
Topical term or geographic name as entry element Cartooning
General subdivision Technique.
650 ## - SUBJECT ADDED ENTRY--TOPICAL TERM
Topical term or geographic name as entry element Comic books, strips, etc
General subdivision Technique.
650 ## - SUBJECT ADDED ENTRY--TOPICAL TERM
Topical term or geographic name as entry element Heroes
General subdivision Caricatures and cartoons.
942 ## - ADDED ENTRY ELEMENTS (KOHA)
Koha item type Books
Source of classification or shelving scheme Library of Congress Classification
Call number prefix Foreign
Holdings
Withdrawn status Lost status Source of classification or shelving scheme Damaged status Home library Current library Shelving location Date acquired Total Checkouts Full call number Barcode Date last seen Date checked out Copy number Price effective from Koha item type
    Library of Congress Classification   College Library College Library General Circulation Section 01/22/2014 1 NC 1764 .Ok38 2005 C8034 05/15/2018 08/18/2014 1 01/22/2014 Books

Superhero madness :

APA

Okum D., . (2005). Superhero madness. Cincinnati, Ohio: Impact Books.

Chicago

Okum David, . 2005. Superhero madness. Cincinnati, Ohio: Impact Books.

Harvard

Okum D., . (2005). Superhero madness. Cincinnati, Ohio: Impact Books.

MLA

Okum David, . Superhero madness. Cincinnati, Ohio: Impact Books. 2005.

  • Place hold
  • Print
  • Cite
  • Add to your cart (remove)
  • Save record
    BIBTEX Dublin Core MARCXML MARC (non-Unicode/MARC-8) MARC (Unicode/UTF-8) MARC (Unicode/UTF-8, Standard) MODS (XML) RIS
  • More searches
    Search for this title in:
    Other Libraries (WorldCat) Other Databases (Google Scholar) Online Stores (Bookfinder.com) Open Library (openlibrary.org)

Exporting to Dublin Core...

SOUTHVILLE LIBRARY

Southville International School and Colleges Library

1281 Tropical Ave. Cor. Luxembourg St., BF Homes International, Las Pinas City

Tel. No. 8256374 / 252358 Loc. 117/146

Powered by Koha